Normal view
MARC view
Entry Topical Term
001 - CONTROL NUMBER
- control field: 6146
003 - CONTROL NUMBER IDENTIFIER
- control field: dpl
005 - DATE AND TIME OF LATEST TRANSACTION
- control field: 20100804145035.0
008 - FIXED-LENGTH DATA ELEMENTS
- fixed length control field: 100804|||a|||||| | ||| d
040 ## - CATALOGING SOURCE
- Original cataloging agency: dpl
- Transcribing agency: dpl
150 ## - HEADING--TOPICAL TERM
- Topical term or geographic name as entry element:
- General subdivision: इतिहास
670 ## - SOURCE DATA FOUND
- Source citation: Work cat.: (dpl)33464: भार्गव, वी. एस. 6145, भारतीय स्वतंत्रता संग्राम /, 2007
670 ## - SOURCE DATA FOUND
- Source citation: Work cat.: (dpl)33464: भार्गव, वी. एस. 6145, भारतीय स्वतंत्रता संग्राम /, 2007
